Dynamics of charged particles

Salvato in:
Dettagli Bibliografici
Autore principale: Lehnert, Bo
Natura: Libro
Lingua:inglese
Pubblicazione: Amsterdam, Holanda. North Holland Publishing. 1964
Soggetti:
Tags: Aggiungi Tag
Nessun Tag, puoi essere il primo ad aggiungerne!!

MARC

LEADER 00000nam a2200000 a 4500
001 UCH2491
003 CL-VaPUC
005 20211028074308.0
008 090618e19640000NE |||||||||||||||||eng|d
999 |c 334222  |d 334220 
040 |c Pontificia Universidad Católica de Valparaíso 
082 0 4 |a 530.141 LEH 1964  |2 21 
100 0 |a Lehnert, Bo  |9 537336 
245 1 0 |a Dynamics of charged particles 
260 0 3 |a Amsterdam, Holanda.  |b North Holland Publishing.  |c 1964 
300 |a 300 páginas 
583 |a last modification  |c 20090618 00:00:00  |k Rodrigo Vera 
650 0 |a Electromagnetismo   |9 260123 
650 7 |a PARTICULAS CARGADAS  |2 CL-VaPUC  |9 537337 
650 0 |a Relatividad  |9 269977 
650 0 |a Radiación  |9 259874 
650 7 |a FISICA NUCLEAR  |2 CL-VaPUC  |9 270366 
942 |c BK  |2 ddc 
945 |d 20090618 00:00:00  |a rbrito 
952 |0 0  |1 0  |2 ddc  |4 0  |6 530_141000000000000_LEH_1964  |7 0  |8 A  |9 423082  |a BIBCUR  |b BIBCUR  |d 2019-11-22  |i 4534794  |o 530.141 LEH 1964  |p 4534794  |r 2025-04-22  |t 1  |w 2019-11-22  |y BK  |k FIS